| 000 | 00488nam a2200193 a 4500 | ||
|---|---|---|---|
| 001 | 13610 | ||
| 003 | CO-ViMGA | ||
| 008 | 141112s2004 ck r 000 u spa d | ||
| 020 | _a848136009X | ||
| 040 |
_aCO-ViMGA _bspa _cCO-ViMGA |
||
| 082 | 0 | 4 | _a708 O736m |
| 100 | 1 |
_aOrdoƱez F., Rafael _919837 |
|
| 245 | 1 | 0 | _aMuseo Pablo Gargallo |
| 260 |
_aMadrid : _bElecto, _c1994 |
||
| 300 | _a345 | ||
| 650 | 1 | 4 |
_aMUSEO PABLO GARGALLO _919838 |
| 650 | 1 | 4 |
_aMUSEOS DE ARTE _919839 |
| 942 |
_2ddc _cBK |
||
| 999 |
_c24334 _d24334 |
||